Priemysel Slovenska za kapitalizmu

Guardado en:
Detalles Bibliográficos
Autor principal: Rapoš, Pavol
Formato: Libro
Lenguaje:eslovaco
Publicado: Bratislava Slovenské vydavateľstvo politickej literatúry 1957
Materias:
Etiquetas: Agregar Etiqueta
Sin Etiquetas, Sea el primero en etiquetar este registro!

MARC

LEADER 00000nam a2200000 4500
001 0283245
005 20240416113607.3
041 0 |a slo 
044 |a SK 
245 1 0 |a Priemysel Slovenska za kapitalizmu  |c Pavol Rapoš 
264 1 |a Bratislava  |b Slovenské vydavateľstvo politickej literatúry  |c 1957 
300 |a 116 s. 
610 2 0 |a priemysel 
610 2 0 |a industrializácia 
610 2 0 |a vývoj hospodársky 
610 2 0 |a kapitalizmus 
610 2 0 |a história 
610 2 0 |a Slovensko 
100 1 |a Rapoš, Pavol